| 000 | 00770cam a22002533a 4500 | ||
|---|---|---|---|
| 001 | 22616 | ||
| 003 | PGUSA | ||
| 005 | 20140828083500.0 | ||
| 008 | 070916s2007||||xxu|||||s|||||000 p eng d | ||
| 040 |
_aPGUSA _beng |
||
| 042 | _adc | ||
| 050 | 4 | _aPQ | |
| 100 | 1 |
_aCastelo Branco, Camilo, _d1825-1890 |
|
| 245 | 1 | 0 |
_aSalve, Rei! : _bPoesia de Camillo Castello Branco _h[electronic resource] / _cCamilo Castelo Branco |
| 260 |
_bProject Gutenberg, _c2007 |
||
| 500 | _aThis ebook uses a beginning of the 20th century spelling | ||
| 506 | _aPublic domain in the USA. | ||
| 516 | _aElectronic text | ||
| 653 | _aPoetry | ||
| 700 | 1 | _aVasconcellos, Frazão de | |
| 830 | 0 |
_aProject Gutenberg _v22616 |
|
| 856 | 4 | 0 | _uhttp://www.gutenberg.org/ebooks/22616 |
| 942 | _cEB | ||
| 999 |
_c251871 _d251871 |
||